000 00499 a2200181 4500
003 OSt
005 20260305150758.0
008 260305b |||||||| |||| 00| 0 eng d
020 _a9789364879804
040 _coclc
082 _a894.8123
_bMEE/E
100 _aMeera, K R
_96807
245 _aELLAVIDHA PRANAYAVUM /
_cK R MEERA
250 _a7th Ed.
260 _aKottayam:
_bD C BOOKS.
_c2025,
300 _a110 PAGES
942 _2ddc
_cBK
_h894.8123
_iMEE/E
_k894.8123
_mMEE/E
999 _c44631
_d44631